| 000 | 01584cam a22003614a 4500 | ||
|---|---|---|---|
| 001 | 12466962 | ||
| 003 | NUST-PNEC | ||
| 005 | 20170116180715.0 | ||
| 008 | 010712s2002 nyua f 001 0 eng | ||
| 010 | _a 2001044228 | ||
| 020 | _a0071370811 | ||
| 040 | _cPNEC | ||
| 042 | _apcc | ||
| 050 | 0 | 0 |
_aTA355 _b.H35 2002 |
| 082 | 0 | 0 |
_a620.3 HAR _221 |
| 100 |
_9663 _aHarris, Cyril M. |
||
| 245 | 0 | 0 |
_aHarris' shock and vibration handbook / _cCyril M. Harris, editor; Allan G. Piersol, editor. |
| 250 | _a5th ed. | ||
| 260 |
_aNew York : _bMcGraw-Hill, _cc2002. |
||
| 300 |
_a1 v. (various pagings) : _bill. ; _c24 cm. |
||
| 490 | 0 | _aMcGraw-Hill handbooks | |
| 500 | _aIncludes Index http://www.amazon.com/Harris-Shock-Vibration-Handbook-Cyril/dp/0071370811/ref=sr_1_1?s=books&ie=UTF8&qid=1413451485&sr=1-1&keywords=0071370811 | ||
| 650 | 0 |
_aVibration _vHandbooks, manuals, etc. _xME |
|
| 650 | 0 |
_aShock (Mechanics) _vHandbooks, manuals, etc. |
|
| 700 | 1 |
_aHarris, Cyril M., _d1917-2011. |
|
| 700 | 1 | _aPiersol, Allan G. | |
| 856 | 4 | 2 |
_3Publisher description _uhttp://www.loc.gov/catdir/description/mh021/2001044228.html |
| 856 | 4 | 1 |
_3Table of contents _uhttp://www.loc.gov/catdir/toc/mh021/2001044228.html |
| 856 | 4 | 2 |
_3Contributor biographical information _uhttp://www.loc.gov/catdir/enhancements/fy0704/2001044228-b.html |
| 906 |
_a7 _bcbc _corignew _d1 _eocip _f20 _gy-gencatlg |
||
| 942 |
_2ddc _cBK |
||
| 999 |
_c61112 _d61112 |
||